000 00672nam a22002297a 4500
005 20170124110204.0
010 _aB-058045
020 _c00.00
_a8170291224
035 _aB-058045
037 _bCen Lib/Ret
040 _aDPL
_bEN
082 _a005.136
_bHOL
100 _aHolzner, Steven
_936795
245 _aC with assembly language /
_cby Steven Holzner
260 _aNew Delhi
_bBPB Publications
_c1990
270 _aB-14, Connaught Place
_bNew Delhi
_e110001
300 _ax,436p.
_c23cm(Hb)
500 _aIncludes index
650 _aComputer science
_972106
650 _aProgramming languages
_91109
942 _2ddc
_cEN
_h005.136
_mHOL
999 _c133093
_d133093